000 00612nam a22001937a 4500
003 NUST
005 20250221155420.0
008 170928b xxu||||| |||| 00| 0 eng d
040 _cNUST
082 _a200
100 _aMuluk, Afaq Ali
_95080
245 _aImpact of transport infrastructure and energy consumption on output (a case study of Pakistan)/
_cAfaq Ali Muluk,
260 _aIslamabad
_c2014
_bS3H NUST;
300 _a30p
600 _xMS- Economics
_9127866
700 _aSupervisor: Dr. Faisal Jamil
_9124811
856 _uhttp://10.250.8.41:8080/xmlui/handle/123456789/8462
942 _2ddc
_cSC
999 _c331445
_d331445